[Event "GER-ch U18"]
[Site "Willingen"]
[Date "2020.10.23"]
[Round "5"]
[White "Besancon, Pascal"]
[Black "Vogt, Dustin"]
[Result "1/2-1/2"]
[WhiteElo "1915"]
[BlackElo "1829"]
[PlyCount "112"]
[EventDate "2020.10.19"]
[EventType "swiss"]
[EventRounds "7"]
[EventCountry "GER"]
[SourceTitle "EXT 2022"]
[Source "ChessBase"]
[SourceDate "2021.10.06"]
[SourceVersion "1"]
[SourceVersionDate "2021.10.06"]
[SourceQuality "1"]

1. e4 c5 2. Nc3 Nc6 3. Nge2 g6 4. g3 Bg7 5. Bg2 d6 6. d3 e5 7. Be3 Nge7 8. h4 h5 9. Qd2 Rb8 10. 0-0 b5 11. Nd1 Nd4 12. Nc1 Bh3 13. c3 Bxg2 14. Kxg2 Ne6 15. Ne2 f5 16. f3 0-0 17. Nf2 Rf7 18. Nh3 Qf8 19. Ng5 Nxg5 20. Bxg5 Kh7 21. Ng1 Ng8 22. Nh3 Rfb7 23. f4 b4 24. c4 Nh6 25. Bxh6 Bxh6 26. b3 Rf7 27. Rf3 Qg7 28. Raf1 Rbf8 29. Qf2 Kg8 30. Ng5 Bxg5 31. hxg5 exf4 32. gxf4 Qc3 33. Kg3 fxe4 34. dxe4 Rxf4 35. Rxc3 Rxf2 36. Rxf2 Rxf2 37. Rd3 Rxa2 38. Rxd6 Kf7 39. Rc6 Ra3 40. Rxc5 Rxb3+ 41. Kf4 Ra3 42. Ke5 h4 43. Rc7+ Ke8 44. Rc8+ Kd7 45. Rh8 h3 46. c5 b3 47. Rxh3 b2 48. Rxa3 b1Q 49. Rxa7+ Kc6 50. Ra6+ Kxc5 51. Rxg6 Qb8+ 52. Kf5 Kd4 53. Re6 Qf8+ 54. Kg6 Qg8+ 55. Kf6 Qf8+ 56. Kg6 Qg8+ 1/2-1/2

[Event "GER-ch U18"]
[Site "Willingen"]
[Date "2020.10.21"]
[Round "2"]
[White "Richter, Nils"]
[Black "Besancon, Pascal"]
[Result "1-0"]
[WhiteElo "2290"]
[BlackElo "1915"]
[PlyCount "77"]
[EventDate "2020.10.19"]
[EventType "swiss"]
[EventRounds "7"]
[EventCountry "GER"]
[SourceTitle "EXT 2022"]
[Source "ChessBase"]
[SourceDate "2021.10.06"]
[SourceVersion "1"]
[SourceVersionDate "2021.10.06"]
[SourceQuality "1"]

1. d4 d5 2. c4 e6 3. Nc3 Nf6 4. cxd5 exd5 5. Bg5 Be7 6. e3 c6 7. Qc2 Nbd7 8. Bd3 0-0 9. Nf3 Re8 10. 0-0 h6 11. Bh4 Ne4 12. Bxe4 Bxh4 13. Bh7+ Kh8 14. Bd3 Be7 15. Rab1 a5 16. a3 Bd6 17. b4 Nf6 18. b5 Bg4 19. Ne2 Qc7 20. Ne5 Bxe2 21. Bxe2 Bxe5 22. dxe5 Rxe5 23. bxc6 bxc6 24. Rfc1 Re6 25. Qc5 Qa7 26. Qxa7 Rxa7 27. Rb6 d4 28. Rcxc6 Rxc6 29. Rxc6 dxe3 30. fxe3 Re7 31. Kf2 Ne4+ 32. Ke1 g6 33. Bd3 Kg7 34. Ke2 Nf6 35. Rc5 Ng4 36. Rxa5 Nxe3 37. Kf3 Nd1 38. Be4 f5 39. Bc2 1-0

[Event "Heusenstamm Sparkassen op-A 4th"]
[Site "Heusenstamm"]
[Date "2017.11.23"]
[Round "1"]
[White "Browning, Alex"]
[Black "Besancon, Pascal"]
[Result "1-0"]
[WhiteElo "2095"]
[BlackElo "1691"]
[PlyCount "65"]
[EventDate "2017.11.23"]
[EventType "swiss"]
[EventRounds "7"]
[EventCountry "GER"]
[SourceTitle "EXT 2019"]
[Source "ChessBase"]
[SourceDate "2018.10.10"]
[SourceVersion "1"]
[SourceVersionDate "2018.10.10"]
[SourceQuality "1"]

1. e4 d6 2. d4 Nf6 3. Nc3 e5 4. Nf3 Nbd7 5. Bc4 Be7 6. 0-0 c6 7. a4 a5 8. Qe2 Qc7 9. dxe5 Nxe5 10. Nxe5 dxe5 11. h3 0-0 12. Be3 Bd7 13. Kh2 Rad8 14. f4 exf4 15. Bxf4 Qc8 16. e5 Ne8 17. Rae1 Be6 18. Bd3 Bf5 19. Ne4 Nc7 20. Bd2 Bg6 21. Bxa5 Rd5 22. Bc3 b5 23. b3 b4 24. Bb2 Ne6 25. Bc4 Ra5 26. Nd6 Bxd6 27. exd6 Ng5 28. Qd2 Kh8 29. Qxb4 Qd8 30. Qd2 f6 31. Bc3 Ra7 32. Bb4 Rd7 33. Qf4 1-0